| Поле | Инд. | ПП | Название | Значение |
|---|---|---|---|---|
| Тип записи | a | |||
| Библиографический уровень | m | |||
| 001 | Контрольный номер | 02941d1f5d1d4d2b93e5f0cbbffbc97d | ||
| 005 | Дата корректировки | 20250317193311.0 | ||
| 020 | a | ISBN | 978-5-88575-659-4 | |
| 080 | a | Индекс УДК | 330.322 | |
| 084 | a | Индекс другой классификации/Индекс ББК | У263 | |
| 090 | x | Авторский знак | А 85 | |
| a | Полочн. индекс | У2 | ||
| 097 | b | Оператор | *Еж* | |
| b | Оператор | *Вин* | ||
| 100 | 1_ | a | Автор | Арсеньева Н.В. |
| 245 | 10 | a | Заглавие | Развитие инвестиционной активности в современной экономике |
| b | Продолж. заглавия | монография | ||
| c | Ответственность | Московский авиационный институт (национальный исследовательский университет) | ||
| 260 | a | Место издания | Курск | |
| b | Издательство | Университетская книга | ||
| c | Дата издания | 2024 | ||
| 300 | a | Объем | 160 с. | |
| 516 | 8_ | a | Прим. о типе комп. файла/ данных | Текст : непосредственный |
| 520 | 0_ | a | Аннотация | Монография посвящена исследованию инвестиционных процессов в неравновесной экономике. Основное внимание уделено изучению институциональных воздействий на эффективность принимаемых инвестиционных решений. Подробно рассмотрено влияние на эффективность реальных инвестиций сложившихся институтов на уровне персонифицированных взаимодействий в процессе осуществления бизнеса. Исследованы подходы к управлению развитием инвестиционного бизнеса в условиях несовершенной конкуренции, приведены организационные подходы повышения конкурентоспособности продукции как условия эффективного инвестирования, изучены имплицитные факторы стимулирования инвестиционной активности в современной рыночной экономике. Книга адресована студентам высших учебных заведений и специалистам, интересующимся прикладными аспектами экономической теории, готовящим и принимающим инвестиционные решения. |
| 653 | 0_ | a | Ключевые слова | Инвестиционные решения |
| a | Ключевые слова | Инвестиционный бизнес | ||
| a | Ключевые слова | Конкурентоспособность продукции | ||
| a | Ключевые слова | Стимулирование инвестиционной активности | ||
| a | Ключевые слова | Экономическое поведение | ||
| a | Ключевые слова | Эффективность инвестиций | ||
| 655 | a | Жанр/ форма (устаревшее) | *Н* | |
| 700 | 12 | a | Другие авторы | Путятина Л.М. |
| 700 | 12 | a | Другие авторы | Тихонов Г.В. |
| 901 | t | Тип документа | m | |
| 905 | b | Дата создания записи обработка | 13.01.25 | |
| 952 | e | Факультет | *ФУСК* | |
| 990 | c | Приоритет заказа (DOS) | *д* | |
| f | Даты поступлений (DOS) | 27.09.24 | ||
| g | Размещение заказа (DOS) | пожертвование православного Прихода Успенского | ||
| h | N записи в КСУ для Б/У (DOS) | 42/2024 | ||
| j | Количество экземпляров (DOS) | 1 |